[Event "Asian Continental op 20th"]
[Site "Almaty"]
[Date "2023.06.11"]
[Round "9"]
[White "Kuziev, Miraziz"]
[Black "Hussein, Aziz Nezad"]
[Result "0-1"]
[WhiteElo "2014"]
[BlackElo "2332"]
[PlyCount "52"]
[EventDate "2023.06.04"]
[EventType "swiss"]
[EventRounds "9"]
[EventCountry "KAZ"]
[SourceTitle "CBM 214 Extra"]
[Source "ChessBase"]
[SourceDate "2023.07.31"]
[SourceVersion "1"]
[SourceVersionDate "2023.07.31"]
[SourceQuality "1"]

1. d4 d5 2. c4 e6 3. Nc3 Nf6 4. cxd5 exd5 5. Bg5 c6 6. e3 Be7 7. Bd3 0-0 8. Qc2 Nbd7 9. Nf3 Re8 10. 0-0-0 a5 11. g4 Ne4 12. Bxe4 dxe4 13. Nxe4 Nb6 14. Bxe7 Qxe7 15. Neg5 g6 16. h4 h6 17. h5 hxg5 18. hxg6 f6 19. Nd2 Bxg4 20. Rdg1 Qe6 21. f3 Bf5 22. Ne4 Bxe4 23. fxe4 Qxe4 24. Qxe4 Rxe4 25. Rh7 Rae8 26. Rgh1 Rh4 0-1

[Event "Asian Continental op 20th"]
[Site "Almaty"]
[Date "2023.06.06"]
[Round "3"]
[White "Hussein, Aziz Nezad"]
[Black "Suleymenov, Alisher"]
[Result "0-1"]
[WhiteElo "2332"]
[BlackElo "2463"]
[PlyCount "42"]
[EventDate "2023.06.04"]
[EventType "swiss"]
[EventRounds "9"]
[EventCountry "KAZ"]
[SourceTitle "CBM 214 Extra"]
[Source "ChessBase"]
[SourceDate "2023.07.31"]
[SourceVersion "1"]
[SourceVersionDate "2023.07.31"]
[SourceQuality "1"]

1. e4 c5 2. Nf3 Nc6 3. Bb5 e5 4. 0-0 Bd6 5. c3 a6 6. Bxc6 dxc6 7. d4 exd4 8. cxd4 Bg4 9. Be3 Bxf3 10. gxf3 Qh4 11. e5 Bc7 12. Qb3 0-0-0 13. Qxf7 Nh6 14. Qf4 Qh5 15. Nd2 cxd4 16. Qg5 Qh3 17. Bf4 Nf7 18. Qg4+ Qxg4+ 19. fxg4 g5 20. Bg3 Nxe5 21. h3 Nd3 0-1

[Event "Olympiad-36"]
[Site "Mallorca"]
[Date "2004.10.28"]
[Round "13"]
[White "Huguet Mainar, Sergio"]
[Black "Hussein, Aziz Nezad"]
[Result "0-1"]
[WhiteElo "2141"]
[BlackElo "2349"]
[PlyCount "106"]
[EventDate "2004.10.15"]
[EventType "team-swiss"]
[EventRounds "14"]
[EventCountry "ESP"]
[SourceTitle "CBM 104"]
[Source "ChessBase"]
[SourceDate "2005.01.27"]
[SourceVersion "1"]
[SourceVersionDate "2005.01.27"]
[SourceQuality "1"]
[WhiteTeam "Honduras"]
[BlackTeam "Iraq"]
[WhiteTeamCountry "HON"]
[BlackTeamCountry "IRQ"]

1. e4 c6 2. d4 d5 3. Nc3 dxe4 4. Nxe4 Bf5 5. Ng3 Bg6 6. Bc4 Nd7 7. N1e2 Nb6 8. Bb3 e6 9. c3 c5 10. Be3 cxd4 11. Bxd4 Ne7 12. Nf4 Nc6 13. Be3 Qc7 14. h4 Bd6 15. h5 Bxf4 16. Bxf4 Qxf4 17. hxg6 Ne5 18. gxf7+ Kxf7 19. Qd2 Qxd2+ 20. Kxd2 Rad8+ 21. Kc2 Nec4 22. Rad1 Nd6 23. Rd3 Nbc4 24. Rhd1 Ke7 25. Bxc4 Nxc4 26. Rxd8 Rxd8 27. Rxd8 Kxd8 28. b3 Ne5 29. f4 Ng6 30. f5 Nh4 31. fxe6 Ke7 32. Nh5 g6 33. Nf4 g5 34. Nh3 h6 35. g4 Nf3 36. Nf2 Kxe6 37. Kd3 Ke5 38. c4 Kf4 39. b4 Ne5+ 40. Kd4 Nxg4 41. Nxg4 Kxg4 42. c5 Kf5 43. Kd5 Kf6 44. b5 g4 45. Kd6 g3 46. c6 bxc6 47. bxc6 g2 48. c7 g1Q 49. c8Q Qd4+ 50. Kc6 Qc4+ 51. Kb7 Qxc8+ 52. Kxc8 h5 53. a4 a5 0-1

[Event "Olympiad-36"]
[Site "Mallorca"]
[Date "2004.10.24"]
[Round "9"]
[White "Gluckman, Jonathan"]
[Black "Hussein, Aziz Nezad"]
[Result "1/2-1/2"]
[WhiteElo "2194"]
[BlackElo "2349"]
[PlyCount "97"]
[EventDate "2004.10.15"]
[EventType "team-swiss"]
[EventRounds "14"]
[EventCountry "ESP"]
[SourceTitle "CBM 104"]
[Source "ChessBase"]
[SourceDate "2005.01.27"]
[SourceVersion "1"]
[SourceVersionDate "2005.01.27"]
[SourceQuality "1"]
[WhiteTeam "South Africa"]
[BlackTeam "Iraq"]
[WhiteTeamCountry "RSA"]
[BlackTeamCountry "IRQ"]

1. e4 c5 2. c3 Nf6 3. e5 Nd5 4. d4 cxd4 5. cxd4 d6 6. exd6 Qxd6 7. Nc3 Nc6 8. Bb5 Nxc3 9. bxc3 Qd5 10. Be2 e5 11. Nf3 exd4 12. 0-0 Bd6 13. a4 0-0 14. Rb1 a6 15. cxd4 Rb8 16. Be3 Bf5 17. Bd3 Nb4 18. Bxf5 Qxf5 19. Rb3 b5 20. axb5 Rxb5 21. Bd2 a5 22. Bxb4 Bxb4 23. Ne5 Qe4 24. Re3 Qd5 25. Qg4 f5 26. Qh4 Rb6 27. Rg3 f4 28. Rg5 h6 29. Rg6 Rxg6 30. Nxg6 Rf6 31. Ne5 Qxd4 32. Ng4 Rf5 33. Ne3 Rg5 34. Rd1 Qe4 35. Ng4 Be7 36. f3 Qc2 37. Qe1 h5 38. Rc1 Bc5+ 39. Kh1 Qa2 40. Qe8+ Kh7 41. h4 Rf5 42. Ne5 Qd2 43. Qg6+ Kg8 44. Qe6+ Kh8 45. Ng6+ Kh7 46. Rxc5 Rxc5 47. Nf8+ Kh8 48. Ng6+ Kh7 49. Nf8+ 1/2-1/2

[Event "Olympiad-36"]
[Site "Mallorca"]
[Date "2004.10.20"]
[Round "6"]
[White "Figueroa, Marco Alexander"]
[Black "Hussein, Aziz Nezad"]
[Result "1/2-1/2"]
[WhiteElo "2126"]
[BlackElo "2349"]
[PlyCount "121"]
[EventDate "2004.10.15"]
[EventType "team-swiss"]
[EventRounds "14"]
[EventCountry "ESP"]
[SourceTitle "CBM 104"]
[Source "ChessBase"]
[SourceDate "2005.01.27"]
[SourceVersion "1"]
[SourceVersionDate "2005.01.27"]
[SourceQuality "1"]
[WhiteTeam "Guatemala"]
[BlackTeam "Iraq"]
[WhiteTeamCountry "GUA"]
[BlackTeamCountry "IRQ"]

1. e4 e5 2. Nf3 Nf6 3. d4 Nxe4 4. Bd3 d5 5. Nxe5 Nd7 6. Nxd7 Bxd7 7. Qe2 Be7 8. Nc3 Nf6 9. Bg5 Be6 10. 0-0-0 0-0 11. h3 Re8 12. f4 Qd6 13. Qf3 c6 14. f5 Bd7 15. g4 Ne4 16. Bf4 Qxf4+ 17. Qxf4 Bg5 18. Qxg5 Nxg5 19. h4 Ne4 20. Bxe4 dxe4 21. Rhe1 h5 22. Nxe4 hxg4 23. Nd6 Rxe1 24. Rxe1 Kf8 25. Re4 g3 26. Re3 g2 27. Rg3 Ke7 28. Nxb7 Rh8 29. Rxg7 Rxh4 30. Rxg2 Rxd4 31. Rf2 Kf6 32. Rd2 Rxd2 33. Kxd2 Kxf5 34. Ke3 Ke5 35. Na5 Kd5 36. Nb3 Bf5 37. c3 Be6 38. Nd2 Ke5 39. Nf3+ Kd6 40. a3 Bd5 41. Nd2 Ke5 42. c4 Bg2 43. Kf2 Bh3 44. Ke3 Bg4 45. b4 f5 46. Nb3 f4+ 47. Kd3 Bf5+ 48. Ke2 Be4 49. Kd2 Bg2 50. b5 cxb5 51. cxb5 Bd5 52. Na5 Kd6 53. Kd3 Kc5 54. a4 Ba8 55. Kc3 Be4 56. Nb3+ Kd5 57. a5 f3 58. b6 axb6 59. axb6 Kc6 60. Nd4+ Kxb6 61. Nxf3 1/2-1/2

[Event "Olympiad-36"]
[Site "Mallorca"]
[Date "2004.10.16"]
[Round "2"]
[White "Carvalho, Guillermo"]
[Black "Hussein, Aziz Nezad"]
[Result "1/2-1/2"]
[WhiteElo "2216"]
[BlackElo "2349"]
[PlyCount "119"]
[EventDate "2004.10.15"]
[EventType "team-swiss"]
[EventRounds "14"]
[EventCountry "ESP"]
[SourceTitle "CBM 104"]
[Source "ChessBase"]
[SourceDate "2005.01.27"]
[SourceVersion "1"]
[SourceVersionDate "2005.01.27"]
[SourceQuality "1"]
[WhiteTeam "Uruguay"]
[BlackTeam "Iraq"]
[WhiteTeamCountry "URU"]
[BlackTeamCountry "IRQ"]

1. c4 Nf6 2. Nc3 c5 3. Nf3 e6 4. e3 Nc6 5. d4 cxd4 6. exd4 d5 7. Bd3 dxc4 8. Bxc4 Be7 9. 0-0 0-0 10. a3 Bd7 11. Be3 Rc8 12. Ba2 Qa5 13. Rc1 Rfd8 14. Qe2 a6 15. Rfd1 Be8 16. h3 Qh5 17. Qf1 Nd5 18. Nxd5 exd5 19. g4 Qg6 20. Bb1 Qd6 21. Qd3 g6 22. Qd2 f6 23. Re1 Qd7 24. Ba2 Bf7 25. Bf4 Re8 26. Kg2 g5 27. Bg3 Bg6 28. Re3 Kg7 29. Bb1 Bf8 30. Bxg6 hxg6 31. Rce1 Kf7 32. Ng1 Rxe3 33. Rxe3 Nd8 34. Ne2 Ne6 35. Rc3 Re8 36. Qd3 Bd6 37. Qf3 Nc7 38. h4 gxh4 39. Bxh4 f5 40. gxf5 Qxf5 41. Bg3 Qxf3+ 42. Rxf3+ Ke7 43. Bh4+ Kd7 44. Nf4 Re4 45. Bg3 g5 46. Nh5 Rxd4 47. Rf7+ Kc6 48. Rf6 Ne8 49. Rg6 Kc5 50. b4+ Kc6 51. Nf6 Bxg3 52. Nxe8+ Kd7 53. Nf6+ Ke7 54. Nxd5+ Rxd5 55. Kxg3 Kf7 56. Rb6 Rb5 57. Rxb5 axb5 58. Kg4 Kf6 59. f3 Kg6 60. f4 1/2-1/2

[Event "Olympiad-34"]
[Site "Istanbul"]
[Date "2000.11.02"]
[Round "6.2"]
[White "Hussein, Aziz Nezad"]
[Black "Quinn, Mark"]
[Result "1-0"]
[WhiteElo "2350"]
[BlackElo "2381"]
[PlyCount "79"]
[EventDate "2000.10.28"]
[EventType "team-swiss"]
[EventRounds "14"]
[EventCountry "TUR"]
[SourceTitle "EXT 2001"]
[Source "ChessBase"]
[SourceDate "2000.11.22"]
[SourceVersion "1"]
[SourceVersionDate "2000.11.22"]
[SourceQuality "1"]
[WhiteTeam "Iraq"]
[BlackTeam "Ireland"]
[WhiteTeamCountry "IRQ"]
[BlackTeamCountry "IRL"]

1. e4 c5 2. b3 Nc6 3. Bb2 e5 4. f4 d6 5. Nf3 exf4 6. Bb5 Nge7 7. 0-0 Rg8 8. Nc3 a6 9. Bc4 g5 10. Nd5 Nxd5 11. exd5 Ne7 12. Re1 Bg7 13. d4 h6 14. Qc1 Qc7 15. Kh1 b5 16. dxc5 bxc4 17. cxd6 Bxb2 18. dxc7 Bxc1 19. Raxc1 c3 20. d6 Be6 21. Rcd1 Kd7 22. Ne5+ Kc8 23. Nxf7 Bxf7 24. Rxe7 Be8 25. d7+ Bxd7 26. Rdxd7 Kb7 27. Kg1 Rac8 28. Kf2 Rg6 29. Kf3 Rc6 30. h4 gxh4 31. Kxf4 Rg6 32. Rg7 Rf8+ 33. Ke3 Rxg7 34. Rxg7 Rf1 35. Kd3 Rg1 36. Rg4 Kxc7 37. Rxh4 Rxg2 38. Rxh6 Rg3+ 39. Kc4 Kb7 40. Rd6 1-0

[Event "Olympiad-34"]
[Site "Istanbul"]
[Date "2000.10.28"]
[Round "1.2"]
[White "Sokolov, Ivan"]
[Black "Hussein, Aziz Nezad"]
[Result "1-0"]
[WhiteElo "2611"]
[BlackElo "2350"]
[PlyCount "77"]
[EventDate "2000.10.28"]
[EventType "team-swiss"]
[EventRounds "14"]
[EventCountry "TUR"]
[SourceTitle "EXT 2001"]
[Source "ChessBase"]
[SourceDate "2000.11.22"]
[SourceVersion "1"]
[SourceVersionDate "2000.11.22"]
[SourceQuality "1"]
[WhiteTeam "Bosnia&Herzegovina"]
[BlackTeam "Iraq"]
[WhiteTeamCountry "BIH"]
[BlackTeamCountry "IRQ"]

1. d4 Nf6 2. c4 c5 3. d5 b5 4. Nf3 e6 5. dxe6 fxe6 6. cxb5 d5 7. g3 Be7 8. Bg2 Nbd7 9. 0-0 Rb8 10. a4 e5 11. e4 d4 12. Na3 Bd6 13. Nc4 Bc7 14. Qe1 0-0 15. b4 Re8 16. Ba3 a6 17. bxc5 axb5 18. axb5 Rxb5 19. Rb1 Rxb1 20. Qxb1 Ba6 21. Qa2 h6 22. c6 Nf8 23. Nd6+ Kh7 24. Nxe8 Qxe8 25. Rc1 Ne6 26. Bd6 Bxd6 27. Qxa6 Nc7 28. Qc4 g5 29. Rb1 Kg6 30. Bh3 Qa8 31. Bf5+ Kg7 32. h4 g4 33. Nxd4 exd4 34. Qxd4 Be7 35. e5 Nfe8 36. Qxg4+ Kf8 37. Qg6 Qa4 38. e6 Nd6 39. Rb8+ 1-0

[Event "Asia Cities-ch 12th"]
[Site "Beirut"]
[Date "2000.03.24"]
[Round "8"]
[White "Hussein, Aziz Nezad"]
[Black "Al Tamimi, Hamad"]
[Result "1-0"]
[WhiteElo "2404"]
[BlackElo "2143"]
[PlyCount "51"]
[EventDate "2000.03.19"]
[EventType "team-swiss"]
[EventRounds "9"]
[EventCountry "LBN"]
[SourceTitle "EXT 2020"]
[Source "ChessBase"]
[SourceDate "2019.10.17"]
[SourceVersion "1"]
[SourceVersionDate "2019.10.17"]
[SourceQuality "1"]
[WhiteTeam "Baghdad"]
[BlackTeam "Doha"]
[WhiteTeamCountry "IRQ"]
[BlackTeamCountry "QAT"]

1. e4 c6 2. Nc3 d5 3. Nf3 Bg4 4. h3 Bxf3 5. Qxf3 e6 6. d3 Bb4 7. Bd2 d4 8. Nb1 Bxd2+ 9. Nxd2 Nf6 10. e5 Nfd7 11. Qg4 0-0 12. Qxd4 c5 13. Qe3 Nc6 14. f4 Nb4 15. Kd1 b5 16. g4 Qc7 17. Bg2 Rad8 18. a3 Na6 19. a4 b4 20. a5 Ndb8 21. f5 Nc6 22. Re1 Ne7 23. f6 Ng6 24. h4 Nxh4 25. Rh1 gxf6 26. exf6 1-0